Ciudades del Sudeste Asiático por Mapa - Estadísticas

Estadísticas generales
  • Esta prueba ha sido intentada 109 veces
  • La puntuación promedio es 12 de 28
Respuestas en el mapa
Las respuestas están codificadas por una escala verde-roja en el mapa de la prueba según el % correcto abajo.
 
Estadísticas de respuestas
Cities % Correcto
Bangkok
95%
Yakarta
95%
Manila
94%
Kuala Lumpur
92%
Singapur
92%
Hanói
91%
Vientián
74%
Nom Pen
68%
Ciudad Ho Chi Minh
64%
Dili
62%
Naipyidó
57%
Bandar Seri Begawan
55%
Denpasar
38%
Cebu
31%
Surabaya
31%
Chiang Mai
23%
Bandung
22%
Medan
21%
Đà Nẵng
19%
Davao
19%
Phuket
18%
Makassar
16%
Yangon
16%
Mandalay
14%
George Town
13%
Siem Reap
13%
Luang Prabang
8%
Zamboanga
8%
No se encontraron pruebas coincidentes
Distribución de puntuación
Porcentaje de gente con cada puntuación
Porcentaje por número respondido
Historial de tus puntuaciones
No has intentado esta prueba.